Salomé sin sal o mar

Uloženo v:
Podrobná bibliografie
Hlavní autor: Sinán, Rogelio
Médium: Kniha
Jazyk:Undetermined
Vydáno: Panamá, Panamá Ministerio de Educación 1969
Témata:
Tagy: Přidat tag
Žádné tagy, Buďte první, kdo vytvoří štítek k tomuto záznamu!

MARC

LEADER 00000nam a2200000Ia 4500
008 170316s9999 xx 000 0 und d
040 |a cru BVZT 
090 |a 860 S-25s 
100 |a Sinán, Rogelio 
245 |a Salomé sin sal o mar 
260 |a Panamá, Panamá 
260 |b Ministerio de Educación 
260 |c 1969 
300 |a 59 páginas 
650 |a LITERATURA LATINOAMERICANA 
999 |c 9227  |d 9227 
942 |c 15 D  |h 860 S-25s  |2 z